| 000 | 01388cam a22003617a 4500 | ||
|---|---|---|---|
| 003 | CHAP | ||
| 005 | 20220329133901.0 | ||
| 008 | 971013s1972 r 00010 d | ||
| 010 | _a12222 | ||
| 011 | _a13194 | ||
| 035 | _a17265 | ||
| 040 | _cCHAP | ||
| 082 |
_a581.9721 _bH3 |
||
| 100 | 0 | 0 |
_aHastings, James Rodney. _953052 |
| 245 | 1 | 3 | _aAn atlas of some plant distributions in the Sonoran deser |
| 260 |
_aTucson, University of Arizona : _bInstitute of Atmospheric Physics, _c1972 |
||
| 300 |
_a255 p. _b: mapas anexos |
||
| 490 | 0 |
_aTechnical reports on the meteorology and climatology of arid regions _v; 21 |
|
| 590 |
_aBATCH-UPD _b10 _c20130110 _lUCH01 _h1939 |
||
| 590 |
_aBATCH-UPD _b10 _c20130410 _lUCH01 _h1303 |
||
| 590 |
_aBATCH-UPD _b10 _c20130914 _lUCH01 _h0728 |
||
| 590 |
_aCONVERSION _b10 _c20130109 _lUCH01 _h1308 |
||
| 650 | 1 | 4 |
_aBotánica _xSonora. _914620 |
| 650 | 1 | 4 |
_aFlora desértica. _941326 |
| 700 | 0 |
_aTurner, Raymond M. _9115669 |
|
| 700 | 0 |
_aWarren, Douglas K. _9121105 |
|
| 830 | 0 |
_aTechnical reports on the meteorology and climatology of arid regions _v; 21 _9111912 |
|
| 901 | _aBK | ||
| 942 | _cLIBRO | ||
| 949 |
_a581.9721 H3 _bBC _cLIBRO _d33724000355764 _eLIBRO _h30674 _i17265 _mD _si |
||
| 949 |
_a581.9721 H3 _bBC _cLIBRO _d33724000355772 _eLIBRO _fc.2 _h30675 _i17265 _mD _si |
||
| 949 |
_a581.9721 H3 _bBC _cLIBRO _d33724000355780 _eLIBRO _fc.3 _h30676 _i17265 _mD _si |
||
| 999 |
_c12222 _d12222 |
||